000 00355nam a2200145Ia 4500
008 090124s9999 xx 000 0 und d
082 _b202436
245 _aAN EDITOR'S GUIDE-BOOK
250 _a1
260 _bRANGANATHANANDA SWAMI
_c1967
300 _a15
630 _aAN EDITOR'S GUIDE-BOOK
730 _aAN EDITOR'S GUIDE-BOOK
942 _cBOOK
999 _c184017
_d184017